Návrh, analýza a testovanie systému pre rozšírenú realitu

Uložené v:
Podrobná bibliografia
Hlavný autor: Lepko, Martin (Autor)
Ďalší autori: Drozda, Martin (Vedúci práce)
Médium: Rukopis Kniha
Jazyk:Slovak
Vydavateľské údaje: 2017
Predmet:
On-line prístup:http://is.stuba.sk/zp/portal_zp.pl?podrobnosti=127402
Tagy: Pridať tag
Žiadne tagy, Buďte prvý, kto otaguje tento záznam!

MARC

LEADER 00000ntm a22000003a 4500
001 stuzp61131
003 SK-STU
005 20170627092824.0
007 ta
008 150427s2015----xo-----f-mn---000-0-slo-d
040 |a STU  |b slo 
041 0 |a slo 
044 |a xo 
100 1 |a Lepko, Martin  |u 035000  |4 aut  |U FEI Fakulta elektrotechniky a informatiky  |T FEI Ústav informatiky a matematiky  |X 53905  |U E050  |Y 816  |7 53905 
242 0 1 |a Design, analyze and test a system for augmented reality  |y eng 
245 1 0 |a Návrh, analýza a testovanie systému pre rozšírenú realitu 
260 |c 2017 
300 |a 57 s., príl.,  |b CD-ROM 
650 4 |a Rozšírená realita  |2 slo 
650 4 |a AR  |2 slo 
650 4 |a hra  |2 slo 
650 4 |a Android  |2 slo 
650 4 |a Vuforia  |2 slo 
650 4 |a aplikácia  |2 slo 
650 4 |a application  |2 eng 
650 4 |a Augmented reality  |2 eng 
650 4 |a AR  |2 eng 
650 4 |a Android  |2 eng 
650 4 |a Vuforia  |2 eng 
650 4 |a game  |2 eng 
700 1 |a Drozda, Martin  |u 035000  |k Z1  |4 ths  |U FEI Fakulta elektrotechniky a informatiky  |T FEI Ústav informatiky a matematiky  |X 71006  |U E050  |Y 816  |7 A000071006 
856 4 |u http://is.stuba.sk/zp/portal_zp.pl?podrobnosti=127402 
996 |b 284EP11605  |c E*DIPL- 11605  |l EE35  |s P  |a 0  |w stuzp61131_0001